000 00296nam a22001337a 4500
008 181101b xxu||||| |||| 00| 0 eng d
020 _a9780534239824
041 _aeng
080 _a159.9
100 _a49
101 _aPSI
245 _aElements of Mediation
_cLeviton,Sh.C
942 _2udc
_cBK
999 _c51477
_d51477